Library of the University of Algiers 3
Ibrahim Sultan Cheibout
شعار جامعة الجزائر 3
مكتبة جامعة الجزائر 3
إبراهيم سلطان شيبوط

الخسارة : (رقم التسجيلة. 43693)

تفاصيل مارك
000 -LEADER
fixed length control field 01183nam a2200229Ia 4500
003 - CONTROL NUMBER IDENTIFIER
control field Ost
005 - DATE AND TIME OF LATEST TRANSACTION
control field 20260507075251.0
008 - FIXED-LENGTH DATA ELEMENTS--GENERAL INFORMATION
fixed length control field 260507s9999||||xx |||||||||||||| ||und||
040 ## - CATALOGING SOURCE
Transcribing agency fsecg
041 ## - LANGUAGE CODE
Language code of text/sound track or separate title ara
082 ## - DEWEY DECIMAL CLASSIFICATION NUMBER
Classification number 330
100 ## - MAIN ENTRY--PERSONAL NAME
Personal name بن محمد، احمد احمد كليب
Relator term مؤلف
245 #0 - TITLE STATEMENT
Title الخسارة :
Remainder of title مفهومها و معايير احتسابها و تطبيقاتها في الفقه الاسلامي /
Statement of responsibility, etc. احمد احمد كليب بن محمد
260 ## - PUBLICATION, DISTRIBUTION, ETC.
Place of publication, distribution, etc. عمان:
Name of publisher, distributor, etc. دار النفائس,
Date of publication, distribution, etc. 2010
300 ## - PHYSICAL DESCRIPTION
Extent 436 صفحة؛
Dimensions 24 سم
504 ## - BIBLIOGRAPHY, ETC. NOTE
Bibliography, etc. note مراجع ص.403
520 ## - SUMMARY, ETC.
Summary, etc. مفهوم الخسارة و أنواعها و الألفاظ ذات الصلة ، الوسائل الشرعية لمعالجة الخسارة قبل و بعد وقوعها ، أسباب الخسارة و طرق تنفيذها ، معايير حساب الخسارة ، تطبيقات الخسارة عند الفقهاء و أساليب مواجهتها في المصارف الاسلامية .
653 ## - INDEX TERM--UNCONTROLLED
Uncontrolled term الإقتصاد الإسلامي
653 ## - INDEX TERM--UNCONTROLLED
Uncontrolled term البنوك الاسلامية
653 ## - INDEX TERM--UNCONTROLLED
Uncontrolled term الخسائر المالية
942 ## - ADDED ENTRY ELEMENTS (KOHA)
Koha item type كتب
المقتنيات
Withdrawn status Lost status Source of classification or shelving scheme Damaged status Not for loan Home library Current library Date acquired Serial enumeration / chronology Inventory number Total checkouts Full call number Barcode Date last seen Price effective from Koha item type
    Dewey Decimal Classification   NOT LOAN / إعارة داخلية مكتبة كلية العلوم الإقتصادية والعلوم التجارية وعلوم التسيير مكتبة كلية العلوم الإقتصادية والعلوم التجارية وعلوم التسيير 07/05/2026 الطابق الأرضي 17997   أ/3716ن1 17997 07/05/2026 07/05/2026 كتب
    Dewey Decimal Classification   Available مكتبة كلية العلوم الإقتصادية والعلوم التجارية وعلوم التسيير مكتبة كلية العلوم الإقتصادية والعلوم التجارية وعلوم التسيير 07/05/2026 الطابق الأرضي 17998   أ/3716ن2 17998 07/05/2026 07/05/2026 كتب
    Dewey Decimal Classification   Available مكتبة كلية العلوم الإقتصادية والعلوم التجارية وعلوم التسيير مكتبة كلية العلوم الإقتصادية والعلوم التجارية وعلوم التسيير 07/05/2026 الطابق الثاني 17999   أ/3716ن3 17999 07/05/2026 07/05/2026 كتب
    Dewey Decimal Classification   Available مكتبة كلية العلوم الإقتصادية والعلوم التجارية وعلوم التسيير مكتبة كلية العلوم الإقتصادية والعلوم التجارية وعلوم التسيير 07/05/2026 الطابق الثاني 18000   أ/3716ن4 18000 07/05/2026 07/05/2026 كتب
    Dewey Decimal Classification   Available مكتبة كلية العلوم الإقتصادية والعلوم التجارية وعلوم التسيير مكتبة كلية العلوم الإقتصادية والعلوم التجارية وعلوم التسيير 07/05/2026 مكتبة بن عكنون 18001   أ/3716ن5 18001 07/05/2026 07/05/2026 كتب

موارد الويب المفتوحة


© University of Algiers 3 All Rights Reserved
|
Implemented by LECHELAH Riad